书目信息 |
| 题名: |
陶行知生活教育思想
|
|
| 作者: | 徐明聪 主编 | |
| 分册: | ||
| 出版信息: | 安徽 合肥工业大学出版社 2009.03 |
|
| 页数: | 230页, [4] 页图版 | |
| 开本: | 21cm | |
| 丛书名: | 陶行知教育思想文库 | |
| 单 册: | ||
| 中图分类: | C913.3 | |
| 科图分类: | ||
| 主题词: | 生活教育--sheng huo jiao yu--文集 | |
| 电子资源: | ||
| ISBN: | 978-7-81093-903-4 | |
| 000 | 00948nam 2200265 450 | |
| 001 | 012009257686 | |
| 005 | 20090621094825.48 | |
| 010 | @a978-7-81093-903-4@dCNY20.00 | |
| 100 | @a20090621d2009 em y0chiy0120 ea | |
| 101 | 0 | @achi |
| 102 | @aCN@b340000 | |
| 105 | @aacf a 000yy | |
| 106 | @ar | |
| 200 | 1 | @a陶行知生活教育思想@Atao xing zhi sheng huo jiao yu si xiang@f徐明聪主编 |
| 210 | @a安徽@c合肥工业大学出版社@d2009.03 | |
| 215 | @a230页, [4] 页图版@c图, 肖像@d21cm | |
| 225 | 2 | @a陶行知教育思想文库@Atao xing zhi jiao yu si xiang wen ku |
| 320 | @a有书目 | |
| 330 | @a本书的主要内容包括:陶行知论生活教育、陶行知生活教育理论研究、生活教育的涵义、什么事生活教育、生活教育史中国革命和建设需要的教育学说等。 | |
| 410 | 0 | @12001 @a陶行知教育思想文库 |
| 606 | 0 | @a生活教育@Asheng huo jiao yu@j文集 |
| 690 | @aC913.3@v4 | |
| 701 | 0 | @a徐明聪@Axu ming cong@4主编 |
| 801 | 0 | @aCN@bQSSK@c20090621 |
| 905 | @b745178-80@dC913.3@eX760@f3 | |
| 陶行知生活教育思想/徐明聪主编.-安徽:合肥工业大学出版社,2009.03 |
| 230页, [4] 页图版:图, 肖像;21cm.-(陶行知教育思想文库) |
| ISBN 978-7-81093-903-4:CNY20.00 |
| 本书的主要内容包括:陶行知论生活教育、陶行知生活教育理论研究、生活教育的涵义、什么事生活教育、生活教育史中国革命和建设需要的教育学说等。 |
| ● |
| 相关链接 |
|
|
|
正题名:陶行知生活教育思想
索取号:C913.3/X760
 
预约/预借
| 序号 | 登录号 | 条形码 | 馆藏地/架位号 | 状态 | 备注 |
| 1 | 745178 | 207451782 | 社科库509/509社科库 62排2列6层/ [索取号:C913.3/X760] | 在馆 | |
| 2 | 745179 | 207451791 | 社科库509/509社科库 62排2列6层/ [索取号:C913.3/X760] | 在馆 | |
| 3 | 745180 | 207451808 | 社科库509/509社科库 62排2列6层/ [索取号:C913.3/X760] | 在馆 |